000
00278nam a2200121 a 4500
001
4140
005
20140414132022.0
008
090218s19uu xx 00 eng d
050
_a
TR
_b
H77 2000
100
_a
Weinberger, Kimberly
245
_a
Hopsalots garden.
999
_c
113482
_d
113482